000 00750nam a22002057a 4500
999 _c58886
_d58886
005 20221013112837.0
008 221013s2020ge xxu||||| |||| 00| 0 ger d
020 _a 9783126071680
080 _a811.112.2'373 P-64
100 _a Pilaski, Anna .
_915317
245 _a Netzwerk neu :
_bA2 Lehrerhandbuch /
_cAnna Pilaski, Katja Wirth.
264 _a Stuttgar :
_bKlett Sprachen,
_c2020.
300 _a 136 p.:
_b Illustrationen,
_c29 cm.
_e4 CDs, +1 DVD-Video
440 _a Deutsch als Fremdsprache
_915318
653 _aNetzwerk neu : A2 Lehrerhandbuch
653 _aგერმანული ლექსიკა
653 _aმასწავლებლის წიგნი
700 _aWirth, Katja
_eAuthor
_915288
942 _2udc
_cBK